000 01658nam a22004457a 4500
001 000096410
003 CHAP
005 20241112133728.0
008 061016d2006 mx r 00110 spa d
010 _a92876
011 _a93848
035 _a104429
040 _cCHAP
090 _aTesis
100 1 _aSáenz Gómez, Omar.
_9107262
245 1 0 _aEfecto de la virginiamicina sobre el pH ruminal y la acidosis ruminal subaguda en vacas Holstein Friesian de la Comarca Lagunera /
_c/por Omar Sáenz Gómez.
260 _aBermejillo, Dgo. :
_bEl autor,
_c2006.
300 _a61 h. :
_bgráfs.; cuadros.
502 _aTesis (Ing. Agr. en Sistemas Pecuarios de Zonas Aridas) - - UACH. Unidad Regional Universitaria de Zonas Aridas
590 _aALEPH
_b10
_c20130110
_lUCH01
_h1514
590 _aBATCH-UPD
_b10
_c20130110
_lUCH01
_h0812
590 _aBATCH-UPD
_b10
_c20130410
_lUCH01
_h0449
590 _aBATCH-UPD
_b10
_c20130914
_lUCH01
_h1511
590 _aBATCH-UPD
_b10
_c20140324
_lUCH01
_h1459
590 _aBATCH-UPD
_b10
_c20141002
_lUCH01
_h0831
590 _aCONVERSION
_b10
_c20130109
_lUCH01
_h1351
590 _aE11695DGD
_b10
_c20130529
_lUCH01
_h1448
650 1 4 _aGanado Friesian.
_945128
650 1 4 _aGanado Holstein - Friesian.
_945148
650 1 7 _apH
_xMedición
_2
_987753
650 1 4 _aRumen.
_9100837
650 1 4 _aVirginiamicina.
_9119927
856 _3Finding aid
_uhttp://10.13.5.2/tesis/104429.pdf
_zTeclea aquí
901 _aBK
905 _aElisama A. H.
942 _cCD
942 _n0
949 _aTesis
_bBC
_cTES
_d00000000104429
_eTS1
_h45825
_i104429
_sb
949 _aTesis
_bBC
_cTES
_d33724000996039
_eTS2
_fc.2
_h45826
_i104429
_sb
999 _c92876
_d92876